000 01113nam a2200337 i 4500
001 000025099
003 DO-SdBNP
005 20250603094327.0
007 ta
008 110210s1974 dr r 000 f spa d
040 _aDO-SdBNP
_bspa
_cBNPHu
_erda
041 _aspa
082 4 _a843.914
_bA384m 1974
_222
100 1 _aAlexis, Jacques Stephen,
_d1922-1961
_eautor
_4aut.
_927794
240 1 0 _aCompere general soleil.
_lEspañol
245 1 0 _aMi compadre el general sol /
_cJacques Stephen Alexis ; traducción, Aida Aisenson.
250 _aTercera edición
264 1 _aSanto Domingo :
_bTaller,
_c1974.
300 _a296 páginas ;
_c20 cm.
336 _atexto
_btxt
_2rdacontent
337 _asin mediación
_bn
_2rdamedia
338 _avolumen
_bnc
_2rdacarrier
490 _aBiblioteca Taller
_v2
500 _aIncluye referencias bibliográficas y notas al pie de las páginas.
590 _aInventariado, 2020/BT
650 4 _aNovela haitiana
_93196
650 4 _aLiteratura haitiana
_93197
700 1 _aAisenson, Aida,
_etraductor
_4tr.
_927795
910 _aBtavárez
942 _2ddc
_cLBS1
999 _c24592
_d24592